Visión, logros y desafíos: Ministerio de Agricultura, 2010-2014. Gobierno del Presidente Sebastián Piñera Echenique

Furkejuvvon:
Bibliográfalaš dieđut
Searvvušdahkki: Ministerio de Agricultura (Dahkki)
Materiálatiipa: Girji
Giella:espánnjágiella
Almmustuhtton: Santiago Ministerio de Agricultura 2013
Preanttus:1a. ed
Fáttát:
Fáddágilkorat: Lasit fáddágilkoriid
Eai fáddágilkorat, Lasit vuosttaš fáddágilkora!

MARC

LEADER 00000cam a2200000 a 4500
001 UCE2594
003 CL-VaPUC
008 140710e20131200cl |||||||||||||||||spa|d
082 0 4 |a 630.983  |b MIN  |2 21 
110 2 |a Ministerio de Agricultura  |e author  |9 575099 
245 1 0 |a Visión, logros y desafíos: Ministerio de Agricultura, 2010-2014. Gobierno del Presidente Sebastián Piñera Echenique 
250 |a 1a. ed 
300 |a v 
942 |c BK 
945 |d 20140710 11:54:00  |a dcastane 
260 |a Santiago  |b Ministerio de Agricultura  |c 2013 
500 |a v.1: documento introductorio 
500 |a v.2: competitividad e innovación para el sector agroalientario y forestal 
500 |a v.3: cadenas comerciales, mercados transparentes y consumidor 
500 |a v.4: sustentabilidad ambiental para el desarrollo 
500 |a v.5: modernización ministerial 
500 |a v.6: mundo rural para Chile en el siglo XXI 
650 0 |a Agricultura chilena   |9 405541 
650 7 |a DESARROLLO AGRICOLA  |2 CL-VaPUC  |9 259759 
650 0 |a Comercio exterior  |9 257617 
583 |a last modification  |c 20140710 11:54:00  |k Rodrigo Vera 
999 |c 356183  |d 356181 
952 |0 0  |1 0  |3 erb  |4 0  |6 630_983000000000000_MIN_2013  |7 0  |8 A  |9 463355  |a BIBAGR  |b BIBAGR  |h v.1  |i 508931K  |o 630.983 MIN 2013  |p 508931K  |r 2025-01-20  |w 2019-11-23  |y BK  |z Catalogado en:20140710  |k AGR 
952 |0 0  |1 0  |3 erb  |4 0  |6 630_983000000000000_MIN_2013  |7 0  |8 A  |9 463356  |a BIBAGR  |b BIBAGR  |h v.2  |i 5089328  |o 630.983 MIN 2013  |p 5089328  |r 2025-01-20  |w 2019-11-23  |y BK  |z Catalogado en:20140710  |k AGR 
952 |0 0  |1 0  |3 erb  |4 0  |6 630_983000000000000_MIN_2013  |7 0  |8 A  |9 463357  |a BIBAGR  |b BIBAGR  |h v.3  |i 5089336  |o 630.983 MIN 2013  |p 5089336  |r 2025-01-20  |w 2019-11-23  |y BK  |z Catalogado en:20140710  |k AGR 
952 |0 0  |1 0  |3 erb  |4 0  |6 630_983000000000000_MIN_2013  |7 0  |8 A  |9 463358  |a BIBAGR  |b BIBAGR  |h v.4  |i 5089344  |o 630.983 MIN 2013  |p 5089344  |r 2025-01-20  |w 2019-11-23  |y BK  |z Catalogado en:20140710  |k AGR 
952 |0 0  |1 0  |3 erb  |4 0  |6 630_983000000000000_MIN_2013  |7 0  |8 A  |9 463359  |a BIBAGR  |b BIBAGR  |h v.5  |i 5089352  |o 630.983 MIN 2013  |p 5089352  |r 2025-01-20  |w 2019-11-23  |y BK  |z Catalogado en:20140710  |k AGR 
952 |0 0  |1 0  |3 erb  |4 0  |6 630_983000000000000_MIN_2013  |7 0  |8 A  |9 463360  |a BIBAGR  |b BIBAGR  |h v.6  |i 5089360  |l 2  |o 630.983 MIN 2013  |p 5089360  |r 2025-01-20  |s 2023-08-07  |w 2019-11-23  |y BK  |z Catalogado en:20140710  |k AGR